000 01489nam a2200325 4500
001 290
003 OSt
005 20250528074017.0
008 250317b |||||||j |||| 00| f eng d
040 _bpor
041 _hfre
_apor
082 _a843
_bH895t
100 1 _aHugo, Victor.
_d1802- 1885
_9549
240 _aLes Travailleurs de la Mer​
245 _aOs Trabalhadores do Mar /
_cHugo, Victor ; Tradução de Machado de Assis
260 _aSão Paulo
_bAbril
_c1971
300 _a418 p.
490 1 _aOs imortais da literatura universal
520 _aOs Trabalhadores do Mar é um romance de Victor Hugo que narra a história de Gilliatt, um habitante da ilha de Guernsey, que se apaixona por Déruchette, sobrinha do armador Lethierry. Quando o navio de Lethierry naufraga em um rochedo perigoso, Déruchette promete casar-se com quem recuperar o motor a vapor da embarcação. Gilliatt se oferece para a tarefa, enfrentando diversas adversidades, incluindo uma luta com um polvo gigante. O romance explora temas como a luta do homem contra as forças da natureza e o poder avassalador de uma paixão
650 0 _aLiteratura francesa
_9122
650 0 _aAventura
_947
650 0 _aExílio
_9552
650 0 _aLuta contra a natureza
_9551
650 0 _aClássicos
_977
655 0 _aRomance
_923
655 0 _aFicção
_922
700 1 _aAssis, Machado de,
_d1839-1908
_eTRADUTOR
_9553
830 _aOs Imortais da Literatura Universal
_9461
_vvol. 18
942 _2ddc
_n0
_cBK
999 _c290
_d290